书目信息 |
| 题名: |
历史语言学和语言演变
|
|
| 作者: | 拉斯 著 ;朱晓农 , 寸熙 导读 | |
| 分册: | ||
| 出版信息: | 北京 世界图书出版公司北京公司 2007.06 |
|
| 页数: | 49, 423页 | |
| 开本: | 23cm | |
| 丛书名: | 西方语言学与应用语言学视野 | |
| 单 册: | ||
| 中图分类: | H0-09 | |
| 科图分类: | ||
| 主题词: | 语言学史--yu yan xue shi--英文 | |
| 电子资源: | ||
| ISBN: | 978-7-5062-8285-7 | |
| 000 | 01281nam 2200313 450 | |
| 001 | 012008620382 | |
| 005 | 20080508143945.57 | |
| 010 | @a978-7-5062-8285-7@dCNY35.00 | |
| 100 | @a20080508d2007 em y0chiy0120 ea | |
| 101 | 0 | @aeng |
| 102 | @aCN@b110000 | |
| 105 | @ay z 000yy | |
| 106 | @ar | |
| 200 | 1 | @a历史语言学和语言演变@Ali shi yu yan xue he yu yan yan bian@d= Historical linguistics and language change@f(南非) Roger Lass著@F(nan fei)Roger Lass zhu@g朱晓农, 寸熙导读@Gzhu xiao nong,cun xi dao du@zeng |
| 210 | @a北京@c世界图书出版公司北京公司@d2007.06 | |
| 215 | @a49, 423页@d23cm | |
| 225 | 2 | @a西方语言学与应用语言学视野@Axi fang yu yan xue yu ying yong yu yan xue shi ye |
| 306 | @a剑桥大学出版社授权出版 | |
| 314 | @a责任者规范汉译姓: 拉斯 | |
| 330 | @a本书作者对历史语言学这门艺术的基础、历史语言学与其研究对象,语言的变化的互动,作了批判性的检查,并对一些主要的议题做了解释。 | |
| 410 | 0 | @12001 @a西方语言学与应用语言学视野 |
| 510 | 1 | @aHistorical linguistics and language change@zeng |
| 606 | 0 | @a语言学史@Ayu yan xue shi@x英文 |
| 690 | @aH0-09@v4 | |
| 701 | 1 | @a拉斯@Ala si@g(Lass, Roger)@4著 |
| 702 | 0 | @a朱晓农@Azhu xiao nong@4导读 |
| 702 | 0 | @a寸熙@Acun xi@4导读 |
| 801 | 0 | @aCN@bQSSK@c20080508 |
| 905 | @b706597-98@dH0-09@eL08@f2 | |
| 历史语言学和语言演变= Historical linguistics and language change/(南非) Roger Lass著/朱晓农, 寸熙导读.-北京:世界图书出版公司北京公司,2007.06 |
| 49, 423页;23cm.-(西方语言学与应用语言学视野) |
| ISBN 978-7-5062-8285-7:CNY35.00 |
| 本书作者对历史语言学这门艺术的基础、历史语言学与其研究对象,语言的变化的互动,作了批判性的检查,并对一些主要的议题做了解释。 |
| ● |
| 相关链接 |
|
|
|
正题名:历史语言学和语言演变
索取号:H0-09/L08
 
预约/预借
| 序号 | 登录号 | 条形码 | 馆藏地/架位号 | 状态 | 备注 |
| 1 | 706597 | 207065977 | 外国语学院资料室/209语言库 62排2列2层/ [索取号:H0-09/L08] | 在馆 | |
| 2 | 706598 | 207065986 | 语言库209/209语言库 62排2列2层/ [索取号:H0-09/L08] | 在馆 |